[Event "CAN-ch U14"]
[Site "Ottawa"]
[Date "2013.07.11"]
[Round "4"]
[White "Colvin, Andrew"]
[Black "Belec, Eric"]
[Result "1-0"]
[WhiteElo "1043"]
[BlackElo "748"]
[PlyCount "79"]
[EventDate "2013.07.10"]
[EventType "swiss"]
[EventRounds "6"]
[EventCountry "CAN"]
[SourceTitle "EXT 2022"]
[Source "ChessBase"]
[SourceDate "2021.10.06"]
[SourceVersion "1"]
[SourceVersionDate "2021.10.06"]
[SourceQuality "1"]

1. e4 e5 2. Nf3 Nc6 3. Bc4 Nf6 4. Nc3 d6 5. h3 h5 6. Ng5 Be6 7. Bxe6 fxe6 8. Nxe6 Qe7 9. Nxf8 Qxf8 10. Qe2 0-0-0 11. 0-0 Qe7 12. d3 Rh7 13. Bg5 Nd4 14. Qd1 Ne6 15. Nd5 Qf7 16. Bxf6 gxf6 17. Qf3 Nd4 18. Qxf6 Rg8 19. Qxf7 Rxf7 20. c3 Nf3+ 21. Kh1 Nd2 22. Rfd1 Rxf2 23. Ne7+ Kd7 24. Nxg8 Ke6 25. a4 Nb3 26. Rf1 Rxb2 27. Rab1 Rxb1 28. Rxb1 Nd2 29. Rxb7 c5 30. Rxa7 d5 31. exd5+ Kxd5 32. Nf6+ Ke6 33. Nxh5 c4 34. dxc4 e4 35. a5 e3 36. Ra8 Kf7 37. Nf4 Nxc4 38. a6 Nd6 39. a7 Nb5 40. Rf8+ 1-0

[Event "CAN-ch U14"]
[Site "Ottawa"]
[Date "2013.07.10"]
[Round "2"]
[White "Laframboise, Ian"]
[Black "Belec, Eric"]
[Result "0-1"]
[WhiteElo "1013"]
[BlackElo "748"]
[PlyCount "58"]
[EventDate "2013.07.10"]
[EventType "swiss"]
[EventRounds "6"]
[EventCountry "CAN"]
[SourceTitle "EXT 2022"]
[Source "ChessBase"]
[SourceDate "2021.10.06"]
[SourceVersion "1"]
[SourceVersionDate "2021.10.06"]
[SourceQuality "1"]

1. d4 Nc6 2. e4 e5 3. c3 d6 4. Nf3 Bg4 5. Bg5 Be7 6. Bb5 Bxg5 7. h3 Bxf3 8. Qxf3 Nf6 9. Qf5 Bf4 10. g3 a6 11. Bxc6+ bxc6 12. gxf4 g6 13. Qg5 Nxe4 14. Qg2 d5 15. dxe5 0-0 16. c4 Rb8 17. b3 Qh4 18. cxd5 cxd5 19. Nd2 Nxd2 20. Kxd2 c6 21. Qg4 Qxf2+ 22. Kc3 f5 23. Qg5 c5 24. Rhd1 Rb4 25. Qe7 Rd4 26. Qxc5 Rd3+ 27. Kb4 Rb8+ 28. Ka4 Qxc5 29. Rxd3 Qb4# 0-1